[Event "Medjimurje Cup"]
[Site "Croatia "]
[Date "2020.02.23"]
[Round "3.4"]
[White "Mesaric, Sasa"]
[Black "Varga, David2"]
[Result "1/2-1/2"]
[WhiteElo "1600"]
[BlackElo "1682"]
[PlyCount "70"]
[EventDate "2020.02.09"]
[EventType "team-swiss"]
[EventRounds "6"]
[EventCountry "CRO"]
[SourceTitle "CBM 195 Extra"]
[Source "ChessBase"]
[SourceDate "2020.05.31"]
[SourceVersion "1"]
[SourceVersionDate "2020.05.31"]
[SourceQuality "1"]

1. d4 e6 2. c4 d5 3. cxd5 exd5 4. Nc3 Nf6 5. Bg5 c6 6. Nf3 h6 7. Bh4 Be7 8. e3 0-0 9. Bd3 Re8 10. 0-0 Qc7 11. Rc1 Nbd7 12. Re1 Bd6 13. Qe2 Ne4 14. Nxd5 Qa5 15. Nc3 Nxc3 16. bxc3 Nf8 17. Bg3 Bxg3 18. fxg3 Bg4 19. h3 Bh5 20. Rf1 f6 21. g4 Bf7 22. Rf2 Re7 23. Nh4 Rae8 24. Nf5 Rd7 25. c4 Bg6 26. Ng3 Qg5 27. Bxg6 Nxg6 28. Nf5 Nh4 29. Nxh4 Qxh4 30. Qd3 Rde7 31. Re1 Qg3 32. Rfe2 Re4 33. Qd2 Qd6 34. c5 Qe7 35. Qc3 Kh8 1/2-1/2